| Tag |
First Indicator |
Second Indicator |
Subfields |
| LEADER |
00000cam a2200000 a 4500 |
| 001 |
in00000027196 |
| 005 |
20151007055928.0 |
| 008 |
871124s1988 mau b 00110 eng |
| 010 |
|
|
|a 87032508
|
| 020 |
|
|
|a 0316082554 :
|c $17.95
|
| 035 |
|
|
|a (OCoLC)17227372
|
| 035 |
|
|
|9 AAB9670AM
|
| 040 |
|
|
|a DLC
|c DLC
|d TXA
|d UtOrBLW
|
| 043 |
|
|
|a n-us---
|
| 049 |
|
|
|a TXAM
|c [A11506765]
|
| 050 |
0 |
0 |
|a RA445
|b .B38 1988
|
| 082 |
0 |
|
|a 613/.01/9
|2 19
|
| 100 |
1 |
|
|a Barsky, Arthur J.
|
| 245 |
1 |
0 |
|a Worried sick :
|b our troubled quest for wellness /
|c Arthur J. Barsky.
|
| 250 |
|
|
|a 1st ed.
|
| 264 |
|
1 |
|a Boston :
|b Little, Brown,
|c [1988]
|
| 264 |
|
4 |
|c ©1988
|
| 300 |
|
|
|a xiv, 266 pages ;
|c 22 cm.
|
| 336 |
|
|
|a text
|b txt
|2 rdacontent
|
| 337 |
|
|
|a unmediated
|b n
|2 rdamedia
|
| 338 |
|
|
|a volume
|b nc
|2 rdacarrier
|
| 504 |
|
|
|a Bibliography: pages [238]-255.
|
| 500 |
|
|
|a Includes index.
|
| 650 |
|
0 |
|a Health behavior
|z United States.
|
| 650 |
|
0 |
|a Sick
|z United States
|x Psychology.
|
| 999 |
|
|
|a MARS
|
| 999 |
f |
f |
|s 7bdbd5bb-6b73-373e-a18f-601a60b28219
|i cf7ceb22-cb83-3426-b3c8-85d4a5e07949
|t 0
|
| 952 |
f |
f |
|p ric
|a Texas A&M University
|b Rellis Campus
|c Joint Library Facility
|d Remote Storage
|t 0
|e RA445 .B38 1988
|h Library of Congress classification
|i unmediated -- volume
|m A14811506765
|
| 998 |
f |
f |
|a RA445 .B38 1988
|t 0
|l Remote Storage
|